00438nam a2200145 a 450000100060000000300090000600800410001504000280005608200140008410000250009824500460012326000460016965000460021565000310026114251CO-ViMGA141112s2004 ck r 000 u spa d aCO-ViMGAbspacCO-ViMGA04a986 V455g1 aVillacis V., Eduardo10aGrabados sobre el ecuador en el siglo XIX aQuito : bBanco Central del Ecuador. 198114aECUADOR - HISTORIA - SIGLO XIX - GRABADOS14aISLAS GALAPAGOS - GRABADOS